|
|
|
|
| LEADER |
00000cam a2200000 a 4500 |
| 001 |
vtls001387375 |
| 003 |
SK-MaSNL |
| 005 |
20260426004531.0 |
| 008 |
240314s1999 xo 00000 slo |
| 015 |
|
|
|a SNBA2000/06-02036
|
| 020 |
|
|
|a 8088878616
|q (viaz.)
|
| 035 |
|
|
|a SNK000341566
|
| 035 |
|
|
|a urn:nbn:sk:snk-amks32
|
| 035 |
|
|
|a urn:nbn:sk:snk-am005az0
|
| 035 |
|
|
|a 4F1E0A78-B127-4D1C-BEBB-30F7AEF5F9A0
|
| 040 |
|
|
|a SNK
|b slo
|c SNK
|e AACR2
|
| 041 |
|
|
|a slo
|
| 044 |
|
|
|a xo
|c SK
|
| 080 |
|
|
|a 943.765.2-21"1875/1918"
|2 1981
|
| 100 |
1 |
|
|a Vanovič, Július,
|d 1935-2020
|4 aut
|9 92142
|
| 245 |
1 |
0 |
|a Tretia kniha o starom Martine
|b (1875-1918)
|c Július Vanovič
|
| 260 |
|
|
|a Bratislava
|b Literárne informačné centrum
|c 1999
|
| 300 |
|
|
|a 149 s.
|c 25 cm
|
| 648 |
|
7 |
|a 1875-1918
|2 SNKPH
|9 458009
|
| 650 |
0 |
7 |
|a dejiny
|2 SNKPH
|9 3825
|
| 651 |
|
7 |
|a Martin (Slovensko)
|2 SNKPH
|9 16875
|
| 655 |
|
7 |
|a monografie
|2 SNKPH
|9 70139
|
| 919 |
|
|
|a 80-88878-61-6
|
| 958 |
|
|
|a TL
|
| 999 |
|
|
|c 981413
|d 983343
|
| 952 |
|
|
|a SNK
|b SNK
|y VYP
|7 0
|p 17A0236502
|o snkSC 76339/3 D1
|i snkKSP 4279/2000
|0 0
|1 0
|4 0
|d 2000-04-26
|l 0
|r 2005-01-02 00:00:00
|w 2026-02-24
|
| 952 |
|
|
|t P60, <03>, [BOOK], {603}
|a SNK
|b SNK
|y PREZ
|7 0
|p 17A0236501
|o snkSC 76339/3
|i snkKSP 4278/2000
|0 0
|1 0
|4 0
|d 2000-04-26
|l 0
|r 2005-01-02 00:00:00
|w 2026-02-24
|
| 952 |
|
|
|t snkMAR/3 908(091)
|a SNKUST
|b SNKUST
|y PREZ
|7 0
|p 17A0240172
|o snkMAR/3 908(091
|i snkOKIS 101/2000
|0 0
|1 0
|4 0
|d 2002-01-29
|l 0
|r 2025-05-29 00:00:00
|w 2026-02-24
|